| 000 | 00398nam a22001337a 4500 | ||
|---|---|---|---|
| 082 |
_a621.8 _bCOM _cL-13, P-10 |
||
| 100 |
_aD.J Smith _941937 |
||
| 245 |
_aComplete engineer _bA reliable guide to the everyday work of the engineer |
||
| 260 |
_aLondon _bGeorge newnes limited. |
||
| 300 |
_aviii, 632 p. _bill. |
||
| 526 |
_a0 _b0 _c0 _d621_800000000000000_COM |
||
| 650 |
_aMCE _9379 |
||
| 942 |
_2ddc _cBK |
||
| 999 |
_c545954 _d545954 |
||